[Event "BIH-chT1"]
[Site "Dvorovi"]
[Date "2016.08.14"]
[Round "9"]
[White "Sibarevic, Milenko"]
[Black "Tomic, Milanka"]
[Result "1/2-1/2"]
[WhiteElo "2264"]
[BlackElo "1743"]
[PlyCount "29"]
[EventDate "2016.08.06"]
[EventType "team-tourn"]
[EventRounds "9"]
[EventCountry "BIH"]
[SourceTitle "CBM 174 Extra"]
[Source "ChessBase"]
[SourceDate "2016.10.10"]
[SourceVersion "1"]
[SourceVersionDate "2016.10.10"]
[SourceQuality "1"]

1. e4 e5 2. Nf3 Nc6 3. Bb5 a6 4. Ba4 Nf6 5. 0-0 Be7 6. d4 b5 7. Bb3 d6 8. c3 0-0 9. h3 exd4 10. cxd4 Na5 11. Bc2 Bb7 12. Re1 c5 13. Nbd2 Qc7 14. Nf1 h6 15. Ng3 1/2-1/2

[Event "BIH-chT 14th"]
[Site "Prijedor"]
[Date "2015.09.07"]
[Round "3.4"]
[White "Zecirevic, Bahrudin"]
[Black "Sibarevic, Milenko"]
[Result "0-1"]
[WhiteElo "1967"]
[BlackElo "2272"]
[PlyCount "82"]
[EventDate "2015.09.05"]
[EventType "team-tourn"]
[EventRounds "9"]
[EventCountry "BIH"]
[SourceTitle "EXT 2016"]
[Source "ChessBase"]
[SourceDate "2015.10.08"]
[SourceVersion "1"]
[SourceVersionDate "2015.10.08"]
[SourceQuality "1"]
[WhiteTeam "Cazin Ljiljan"]
[BlackTeam "Banja Luka"]
[WhiteTeamCountry "BIH"]
[BlackTeamCountry "BIH"]

1. g3 c5 2. Bg2 Nc6 3. Nf3 g6 4. 0-0 Bg7 5. c3 e5 6. d3 d5 7. Nbd2 Nf6 8. Re1 0-0 9. Nf1 h6 10. Qa4 Re8 11. N3d2 a6 12. Qc2 Be6 13. e4 Qd7 14. Nb3 b6 15. Nbd2 Rad8 16. h4 Qa7 17. Nh2 b5 18. Ndf1 d4 19. Bd2 Qd7 20. Rad1 dxc3 21. Qxc3 Nb4 22. Be3 Nxd3 23. Bxc5 b4 24. Bxb4 Qb5 25. Ba5 Rd4 26. Nf3 Nxe1 27. Nxd4 exd4 28. Qxe1 Qxb2 29. Rd2 Qa3 30. Rxd4 Qxa2 31. Rd6 Bc4 32. Bc3 Be6 33. Ne3 Rc8 34. Ba5 Qa3 35. Rxa6 Rc1 36. Nd1 Bg4 37. f3 Bxf3 38. Rd6 Nxe4 39. Rd5 Kh7 40. Rd7 Nxg3 41. Qd2 Ne2+ 0-1

[Event "BIH-chT 14th"]
[Site "Prijedor"]
[Date "2015.09.06"]
[Round "2.2"]
[White "Vukic, Milan"]
[Black "Sibarevic, Milenko"]
[Result "1-0"]
[WhiteElo "2389"]
[BlackElo "2272"]
[PlyCount "31"]
[EventDate "2015.09.05"]
[EventType "team-tourn"]
[EventRounds "9"]
[EventCountry "BIH"]
[SourceTitle "EXT 2016"]
[Source "ChessBase"]
[SourceDate "2015.10.08"]
[SourceVersion "1"]
[SourceVersionDate "2015.10.08"]
[SourceQuality "1"]
[WhiteTeam "Siroki Brijeg"]
[BlackTeam "Banja Luka"]
[WhiteTeamCountry "BIH"]
[BlackTeamCountry "BIH"]

1. Nf3 b6 2. g3 g6 3. Bg2 Bb7 4. 0-0 Bg7 5. c4 c5 6. Nc3 Nf6 7. d4 cxd4 8. Qxd4 Nc6 9. Qf4 Rc8 10. Rb1 0-0 11. Rd1 d6 12. Bh3 Nd7 13. Bd2 Nce5 14. b3 a6 15. Nxe5 Bxe5 16. Qe3 1-0

[Event "Srpska Republic-ch"]
[Site "Prijedor"]
[Date "2012.12.30"]
[Round "7"]
[White "Sibarevic, Milenko"]
[Black "Jacimovic, Sara"]
[Result "0-1"]
[WhiteElo "2312"]
[BlackElo "1898"]
[PlyCount "38"]
[EventDate "2012.12.27"]
[EventType "swiss"]
[EventRounds "7"]
[EventCountry "BIH"]
[SourceTitle "CBM 152 Extra"]
[Source "ChessBase"]
[SourceDate "2013.02.25"]
[SourceVersion "1"]
[SourceVersionDate "2013.02.25"]
[SourceQuality "1"]

1. e4 e5 2. Nf3 Nc6 3. Bb5 a6 4. Ba4 Nf6 5. 0-0 Be7 6. Re1 b5 7. Bb3 d6 8. c3 0-0 9. h3 Na5 10. d4 Nxb3 11. axb3 exd4 12. cxd4 d5 13. exd5 Nxd5 14. Nc3 Bb7 15. Qe2 Re8 16. Ne5 Bb4 17. Qd3 Nxc3 18. bxc3 Qd5 19. Nf3 Qxb3 0-1

[Event "Srpska Republic-ch"]
[Site "Prijedor"]
[Date "2012.12.30"]
[Round "6"]
[White "Sibarevic, Milenko"]
[Black "Kuzmanovic, Slobodan"]
[Result "1-0"]
[WhiteElo "2312"]
[BlackElo "2188"]
[PlyCount "59"]
[EventDate "2012.12.27"]
[EventType "swiss"]
[EventRounds "7"]
[EventCountry "BIH"]
[SourceTitle "CBM 152 Extra"]
[Source "ChessBase"]
[SourceDate "2013.02.25"]
[SourceVersion "1"]
[SourceVersionDate "2013.02.25"]
[SourceQuality "1"]

1. e4 e5 2. Nf3 Nc6 3. Bb5 a6 4. Ba4 d6 5. d4 b5 6. Bb3 Nxd4 7. Nxd4 exd4 8. c3 Nf6 9. 0-0 Be7 10. cxd4 Bb7 11. Nc3 0-0 12. e5 dxe5 13. dxe5 Qxd1 14. Rxd1 Ng4 15. Bf4 Bc5 16. Bg3 Rae8 17. a4 b4 18. Nd5 Nxe5 19. Nxc7 Re7 20. Nd5 Bxd5 21. Rxd5 Rfe8 22. h3 Ba7 23. a5 Bb8 24. Rc1 Kf8 25. Ba4 f6 26. Bxe8 Rxe8 27. b3 Kf7 28. Bxe5 Bxe5 29. Rc6 Ra8 30. Rd7+ 1-0

[Event "Srpska Republic-ch"]
[Site "Prijedor"]
[Date "2012.12.29"]
[Round "5"]
[White "Narancic, Vlado"]
[Black "Sibarevic, Milenko"]
[Result "1-0"]
[WhiteElo "2345"]
[BlackElo "2312"]
[PlyCount "45"]
[EventDate "2012.12.27"]
[EventType "swiss"]
[EventRounds "7"]
[EventCountry "BIH"]
[SourceTitle "CBM 152 Extra"]
[Source "ChessBase"]
[SourceDate "2013.02.25"]
[SourceVersion "1"]
[SourceVersionDate "2013.02.25"]
[SourceQuality "1"]

1. Nf3 Nf6 2. g3 g6 3. Bg2 Bg7 4. 0-0 0-0 5. d3 d5 6. c3 c5 7. Nbd2 Nc6 8. Re1 Qc7 9. a4 b6 10. e4 e5 11. exd5 Nxd5 12. Nc4 h6 13. Nfxe5 Nxe5 14. Bxd5 Rb8 15. Nxe5 Bxe5 16. Qf3 h5 17. Rxe5 Qxe5 18. Bf4 Bg4 19. Bxe5 Bxf3 20. Bxf3 Rbd8 21. Rd1 Rfe8 22. Bc7 Rc8 23. Bf4 1-0

[Event "BIH-chT 8th"]
[Site "Banja Vrucica"]
[Date "2009.06.08"]
[Round "3"]
[White "Sibarevic, Milenko"]
[Black "Budimir, Boris"]
[Result "1/2-1/2"]
[WhiteElo "2315"]
[BlackElo "2345"]
[PlyCount "31"]
[EventDate "2009.06.06"]
[EventType "team-tourn"]
[EventRounds "9"]
[EventCountry "BIH"]
[SourceTitle "EXT 2019"]
[Source "ChessBase"]
[SourceDate "2018.10.10"]
[SourceVersion "1"]
[SourceVersionDate "2018.10.10"]
[SourceQuality "1"]
[WhiteTeam "Banja Luka KSK"]
[BlackTeam "Tuzla SK Tusanj"]
[WhiteTeamCountry "BIH"]
[BlackTeamCountry "BIH"]

1. e4 c5 2. Nf3 Nc6 3. c3 Nf6 4. e5 Nd5 5. d4 cxd4 6. cxd4 d6 7. Bc4 dxe5 8. dxe5 Nb6 9. Qxd8+ Nxd8 10. Bb5+ Bd7 11. Nc3 a6 12. Bxd7+ Nxd7 13. 0-0 e6 14. Rd1 Nc6 15. Bf4 Be7 16. Ne4 1/2-1/2

[Event "BIH-chT 8th"]
[Site "Banja Vrucica"]
[Date "2009.06.07"]
[Round "2"]
[White "Jakovljevic, Vlado"]
[Black "Sibarevic, Milenko"]
[Result "1-0"]
[WhiteElo "2416"]
[BlackElo "2315"]
[PlyCount "102"]
[EventDate "2009.06.06"]
[EventType "team-tourn"]
[EventRounds "9"]
[EventCountry "BIH"]
[SourceTitle "EXT 2019"]
[Source "ChessBase"]
[SourceDate "2018.10.10"]
[SourceVersion "1"]
[SourceVersionDate "2018.10.10"]
[SourceQuality "1"]
[WhiteTeam "Sarajevo SK Slavija Istocno"]
[BlackTeam "Banja Luka KSK"]
[WhiteTeamCountry "BIH"]
[BlackTeamCountry "BIH"]

1. Nf3 d5 2. d4 c6 3. c4 e6 4. Qc2 Nf6 5. Bg5 Nbd7 6. Nbd2 Qa5 7. Bxf6 Nxf6 8. e3 Ne4 9. Bd3 Nxd2 10. Nxd2 dxc4 11. Bxc4 Bb4 12. Rd1 0-0 13. 0-0 Bxd2 14. Rxd2 e5 15. Rfd1 exd4 16. Rxd4 Bf5 17. Qd2 Qxd2 18. R1xd2 Rae8 19. Rf4 Re5 20. g4 Be6 21. Bxe6 fxe6 22. Rxf8+ Kxf8 23. Rd7 Rb5 24. b3 a5 25. Kg2 h5 26. gxh5 a4 27. bxa4 Rg5+ 28. Kf3 Rf5+ 29. Kg2 Rg5+ 30. Kf1 Ra5 31. Rxb7 Rxa4 32. Rc7 Rxa2 33. Rxc6 Kf7 34. Rc5 Kf6 35. Kg2 Ra1 36. h4 Ra4 37. Kg3 Ra1 38. Rc8 Rg1+ 39. Kh2 Rg4 40. Kh3 Rg1 41. Rh8 Rh1+ 42. Kg3 Rg1+ 43. Kh2 Rg4 44. Kh3 Rg1 45. h6 gxh6 46. Rxh6+ Kf5 47. Rh8 Ke4 48. Rf8 e5 49. h5 Kd3 50. Kh4 Ke2 51. Rf5 e4 1-0

[Event "BIH-chT 8th"]
[Site "Banja Vrucica"]
[Date "2009.06.06"]
[Round "1"]
[White "Runic, Zoran"]
[Black "Sibarevic, Milenko"]
[Result "1-0"]
[WhiteElo "2443"]
[BlackElo "2315"]
[PlyCount "104"]
[EventDate "2009.06.06"]
[EventType "team-tourn"]
[EventRounds "9"]
[EventCountry "BIH"]
[SourceTitle "EXT 2019"]
[Source "ChessBase"]
[SourceDate "2018.10.10"]
[SourceVersion "1"]
[SourceVersionDate "2018.10.10"]
[SourceQuality "1"]
[WhiteTeam "Bijeljina SK Panteri"]
[BlackTeam "Banja Luka KSK"]
[WhiteTeamCountry "BIH"]
[BlackTeamCountry "BIH"]

1. e4 c5 2. Nf3 d6 3. Bc4 e6 4. Qe2 Nf6 5. d3 Nc6 6. Bb3 Be7 7. c3 0-0 8. Nbd2 b6 9. 0-0 Ba6 10. a4 Qc7 11. Re1 Rad8 12. Bc2 Rfe8 13. Nf1 Ne5 14. N3d2 Ng6 15. Nb1 e5 16. Na3 d5 17. Nb5 Qb8 18. Bg5 Bb7 19. Bxf6 Bxf6 20. Ne3 Nf4 21. Qf3 dxe4 22. dxe4 Rd2 23. Na3 Bh4 24. Nd1 Qc8 25. g3 Nh3+ 26. Kh1 Bf6 27. Bb3 Red8 28. Nc4 R2d3 29. Qg2 Qg4 30. Bc2 Rd2 31. Nxd2 Rxd2 32. Bb3 Ng5 33. Bd5 Nf3 34. Rf1 Bxd5 35. exd5 e4 36. a5 h5 37. axb6 axb6 38. Ne3 Qd7 39. Nc4 Re2 40. Nxb6 Qb7 41. Qh3 g6 42. Ra8+ Kg7 43. Qc8 Qxc8 44. Rxc8 e3 45. Nc4 exf2 46. d6 h4 47. Kg2 Ne1+ 48. Kh3 hxg3 49. hxg3 g5 50. d7 g4+ 51. Kxg4 Re4+ 52. Kf5 Rxc4 1-0

[Event "Banja Luka Vjestice Memorial 2nd"]
[Site "Banja Luka"]
[Date "2008.07.30"]
[Round "9"]
[White "Popovic, Zoran"]
[Black "Sibarevic, Milenko"]
[Result "1-0"]
[WhiteElo "2348"]
[BlackElo "2330"]
[PlyCount "47"]
[EventDate "2008.07.21"]
[EventType "tourn"]
[EventRounds "9"]
[EventCountry "BIH"]
[EventCategory "4"]
[SourceTitle "CBM 125 Extra"]
[Source "ChessBase"]
[SourceDate "2008.09.01"]
[SourceVersion "1"]
[SourceVersionDate "2008.09.01"]
[SourceQuality "1"]

1. d4 Nf6 2. c4 e6 3. Nc3 d5 4. cxd5 exd5 5. Bg5 c6 6. Qc2 Be7 7. e3 0-0 8. Bd3 Nbd7 9. Nge2 Re8 10. 0-0 Nf8 11. f3 Nh5 12. Bxe7 Qxe7 13. e4 Nf6 14. e5 N6d7 15. f4 b6 16. f5 Bb7 17. Nf4 Rad8 18. Rf3 Qg5 19. Raf1 c5 20. Rg3 Qh6 21. f6 Ng6 22. Bxg6 hxg6 23. Nxg6 cxd4 24. Ne7+ 1-0

[Event "Banja Luka Vjestice Memorial 2nd"]
[Site "Banja Luka"]
[Date "2008.07.21"]
[Round "1"]
[White "Savanovic, Aleksandar"]
[Black "Sibarevic, Milenko"]
[Result "1-0"]
[WhiteElo "2417"]
[BlackElo "2330"]
[PlyCount "47"]
[EventDate "2008.07.21"]
[EventType "tourn"]
[EventRounds "9"]
[EventCountry "BIH"]
[EventCategory "4"]
[SourceTitle "CBM 125 Extra"]
[Source "ChessBase"]
[SourceDate "2008.09.01"]
[SourceVersion "1"]
[SourceVersionDate "2008.09.01"]
[SourceQuality "1"]

1. Nf3 c5 2. e4 a6 3. c4 e6 4. Nc3 Nc6 5. d4 cxd4 6. Nxd4 d6 7. Be2 Nf6 8. 0-0 Be7 9. Be3 0-0 10. Rc1 Bd7 11. f3 b5 12. cxb5 Nxd4 13. Qxd4 axb5 14. Nxb5 Bxb5 15. Bxb5 Rxa2 16. b4 Qb8 17. Bc6 e5 18. Qc4 Ra3 19. Bf2 d5 20. exd5 Qxb4 21. Rfe1 Qb8 22. Rb1 Qc7 23. Rb7 Qd6 24. Rxe7 1-0

[Event "BIH-chT 6th"]
[Site "Vogosca"]
[Date "2007.06.05"]
[Round "4"]
[White "Sibarevic, Milenko"]
[Black "Pikula, Dejan"]
[Result "1/2-1/2"]
[WhiteElo "2337"]
[BlackElo "2512"]
[PlyCount "31"]
[EventDate "2007.06.02"]
[EventType "team-tourn"]
[EventRounds "9"]
[EventCountry "BIH"]
[SourceTitle "EXT 2019"]
[Source "ChessBase"]
[SourceDate "2018.10.10"]
[SourceVersion "1"]
[SourceVersionDate "2018.10.10"]
[SourceQuality "1"]
[WhiteTeam "Banja Luka"]
[BlackTeam "Sarajevo Slavija"]
[WhiteTeamCountry "BIH"]
[BlackTeamCountry "BIH"]

1. e4 c5 2. Nf3 e6 3. d4 cxd4 4. Nxd4 a6 5. c4 Nf6 6. Nc3 Qc7 7. a3 b6 8. Be3 Bb7 9. f3 d6 10. Be2 Nbd7 11. Rc1 Be7 12. 0-0 0-0 13. Qd2 Rac8 14. Rfd1 Qb8 15. Kh1 Rfe8 16. Bf1 1/2-1/2

[Event "BIH-ch 2nd"]
[Site "Vitez"]
[Date "2006.12.19"]
[Round "6"]
[White "Runic, Zoran"]
[Black "Sibarevic, Milenko"]
[Result "1/2-1/2"]
[WhiteElo "2418"]
[BlackElo "2349"]
[PlyCount "21"]
[EventDate "2006.12.16"]
[EventType "tourn"]
[EventRounds "11"]
[EventCountry "BIH"]
[SourceTitle "EXT 2019"]
[Source "ChessBase"]
[SourceDate "2018.10.10"]
[SourceVersion "1"]
[SourceVersionDate "2018.10.10"]
[SourceQuality "1"]

1. e4 c5 2. Nf3 e6 3. c3 d5 4. e5 Nc6 5. d4 Qb6 6. a3 a5 7. Bd3 Bd7 8. Bc2 Nge7 9. 0-0 cxd4 10. cxd4 Nf5 11. Bxf5 1/2-1/2

[Event "MNT-chT 1st"]
[Site "Herceg Novi"]
[Date "2006.09.27"]
[Round "6"]
[White "Brajovic, Radovan"]
[Black "Sibarevic, Milenko"]
[Result "0-1"]
[WhiteElo "2279"]
[BlackElo "2342"]
[PlyCount "126"]
[EventDate "2006.09.22"]
[EventType "team-tourn"]
[EventRounds "11"]
[EventCountry "MNE"]
[SourceTitle "CBM 114 Extra"]
[Source "ChessBase"]
[SourceDate "2006.11.03"]
[SourceVersion "1"]
[SourceVersionDate "2006.11.03"]
[SourceQuality "1"]

1. e4 d5 2. exd5 Qxd5 3. Nc3 Qd6 4. d4 a6 5. Bc4 e6 6. a4 Qc6 7. Bf1 Bb4 8. Bd2 Nf6 9. Nf3 0-0 10. Bd3 b6 11. 0-0 Bb7 12. Re1 Nbd7 13. Ne4 Bxd2 14. Qxd2 Rab8 15. Ne5 Qd5 16. c4 Nxe4 17. cxd5 Nxd2 18. Nxd7 Bxd5 19. Nxb8 Rxb8 20. b4 a5 21. b5 Nb3 22. Rad1 Rd8 23. Re3 c5 24. dxc5 Nxc5 25. Bc2 g6 26. f4 h5 27. Bb3 Nxb3 28. Rxb3 Rc8 29. Rbd3 Kf8 30. Kf2 Ke7 31. g3 Rc4 32. Rd4 Rc2+ 33. R1d2 Rc3 34. Ke1 Kd6 35. R2d3 Rc1+ 36. Kd2 Rh1 37. Rc4 Rxh2+ 38. Kc1 Ke7 39. Rc8 h4 40. Rb8 h3 41. Rh8 Ra2 42. Rxh3 Rxa4 43. Rd2 Rb4 44. Rb2 Bb3 45. Rh8 Rxb5 46. Ra8 a4 47. Kd2 g5 48. Ra7+ Kf6 49. Kc3 gxf4 50. gxf4 Rc5+ 51. Kb4 Rc4+ 52. Kb5 Rxf4 53. Kxb6 e5 54. Kc5 Kf5 55. Rb7 Rc4+ 56. Kd6 Rd4+ 57. Ke7 e4 58. Rf2+ Ke5 59. Kf8 e3 60. Re7+ Be6 61. Rfxf7 Rd8+ 62. Kg7 e2 63. Rf6 Rg8+ 0-1

[Event "MNT-chT 1st"]
[Site "Herceg Novi"]
[Date "2006.09.25"]
[Round "4"]
[White "Nikolic, Nebojsa2222"]
[Black "Sibarevic, Milenko"]
[Result "1-0"]
[WhiteElo "2366"]
[BlackElo "2342"]
[PlyCount "75"]
[EventDate "2006.09.22"]
[EventType "team-tourn"]
[EventRounds "11"]
[EventCountry "MNE"]
[SourceTitle "CBM 114 Extra"]
[Source "ChessBase"]
[SourceDate "2006.11.03"]
[SourceVersion "1"]
[SourceVersionDate "2006.11.03"]
[SourceQuality "1"]

1. Nf3 c5 2. g3 g6 3. c3 Nf6 4. Bg2 Bg7 5. 0-0 0-0 6. d4 cxd4 7. cxd4 d5 8. Nc3 Ne4 9. e3 Nxc3 10. bxc3 Nc6 11. Nd2 Be6 12. Ba3 Qd7 13. Qe2 Rfe8 14. Rfc1 Rac8 15. Qb5 Red8 16. Rab1 b6 17. Bf1 Bf5 18. Rb2 e5 19. Nb3 h5 20. Rd2 Be4 21. Rdd1 h4 22. Nd2 Bf5 23. Bg2 Bg4 24. Re1 Bh6 25. Nb3 Qf5 26. Bb2 Bf3 27. Bxf3 Qxf3 28. Qe2 Qxe2 29. Rxe2 a5 30. gxh4 a4 31. Nd2 exd4 32. cxd4 Nb4 33. Nb1 Nxa2 34. Rxc8 Rxc8 35. Ba3 Nc1 36. Rb2 Nb3 37. Bb4 Rc1+ 38. Kg2 1-0

[Event "Banja Luka op"]
[Site "Banja Luka"]
[Date "2004.12.06"]
[Round "3"]
[White "Talic, Miro"]
[Black "Sibarevic, Milenko"]
[Result "1/2-1/2"]
[WhiteElo "2237"]
[BlackElo "2363"]
[PlyCount "23"]
[EventDate "2004.12.04"]
[EventType "swiss"]
[EventRounds "9"]
[EventCountry "BIH"]
[SourceTitle "CBM 103 Extra"]
[Source "ChessBase"]
[SourceDate "2005.01.01"]
[SourceVersion "1"]
[SourceVersionDate "2005.01.01"]
[SourceQuality "1"]

1. d4 d5 2. c4 c6 3. cxd5 cxd5 4. Nf3 Nf6 5. Nc3 Nc6 6. g3 g6 7. Bg2 Bg7 8. 0-0 0-0 9. h3 h6 10. Re1 b6 11. b3 Bb7 12. Bb2 1/2-1/2

[Event "SCG-chT2"]
[Site "Sutomore"]
[Date "2004.09.12"]
[Round "5.4"]
[White "Mrsevic, Miroslav"]
[Black "Sibarevic, Milenko"]
[Result "1-0"]
[WhiteElo "2244"]
[BlackElo "2358"]
[PlyCount "121"]
[EventDate "2004.09.10"]
[EventType "team"]
[EventRounds "9"]
[EventCountry "YUG"]
[SourceTitle "CBM 102 Extra"]
[Source "ChessBase"]
[SourceDate "2004.11.03"]
[SourceVersion "1"]
[SourceVersionDate "2004.11.03"]
[SourceQuality "1"]
[WhiteTeam "08"]
[BlackTeam "02"]
[WhiteTeamCountry "YUG"]
[BlackTeamCountry "YUG"]

1. g3 d5 2. Bg2 Nf6 3. f4 g6 4. Nf3 Bg7 5. d3 b6 6. 0-0 0-0 7. c3 Bb7 8. Na3 Nbd7 9. Qe1 e6 10. h3 a6 11. g4 c5 12. e4 dxe4 13. Nd2 b5 14. dxe4 c4 15. e5 Nd5 16. Ne4 Qb6+ 17. Qf2 Rad8 18. g5 Qxf2+ 19. Kxf2 N7b6 20. Nc2 Rfe8 21. Nd6 Re7 22. Ne3 Nxe3 23. Nxb7 Rxb7 24. Bxb7 Nxf1 25. Kxf1 Na4 26. Bxa6 Rb8 27. Be3 Bf8 28. Bd4 Nc5 29. Bxc5 Bxc5 30. Ke2 Rb6 31. Bc8 b4 32. Rd1 bxc3 33. bxc3 Rb2+ 34. Rd2 Rb1 35. Ba6 Rc1 36. Rd8+ Bf8 37. Kd2 Rf1 38. Bxc4 Rxf4 39. Rc8 Re4 40. a4 Rxe5 41. Bb5 Rxg5 42. c4 Rc5 43. Rb8 Rc7 44. a5 Kg7 45. a6 Bd6 46. Rd8 Bc5 47. Kc3 g5 48. Kb3 h5 49. Rd7 Rxd7 50. Bxd7 Kf6 51. Ka4 Ke7 52. Kb5 Ba7 53. Kc6 g4 54. Kc7 g3 55. Bc6 f5 56. Kb7 Bc5 57. a7 Bxa7 58. Kxa7 Kd6 59. Kb6 e5 60. c5+ Ke7 61. Bg2 1-0

[Event "SCG-chT2"]
[Site "Sutomore"]
[Date "2004.09.12"]
[Round "4.5"]
[White "Tomic, Dragoslav"]
[Black "Sibarevic, Milenko"]
[Result "0-1"]
[WhiteElo "2125"]
[BlackElo "2358"]
[PlyCount "112"]
[EventDate "2004.09.10"]
[EventType "team"]
[EventRounds "9"]
[EventCountry "YUG"]
[SourceTitle "CBM 102 Extra"]
[Source "ChessBase"]
[SourceDate "2004.11.03"]
[SourceVersion "1"]
[SourceVersionDate "2004.11.03"]
[SourceQuality "1"]
[WhiteTeam "09"]
[BlackTeam "02"]
[WhiteTeamCountry "YUG"]
[BlackTeamCountry "YUG"]

1. d4 d5 2. c4 e6 3. Nf3 c5 4. cxd5 exd5 5. dxc5 Bxc5 6. e3 Nf6 7. Be2 0-0 8. 0-0 Nc6 9. Nc3 a6 10. a3 Ba7 11. b4 d4 12. exd4 Nxd4 13. Bg5 Bf5 14. Rc1 Rc8 15. Nh4 Nxe2+ 16. Nxe2 Qxd1 17. Rfxd1 Bg4 18. Nf3 Bxf2+ 19. Kxf2 Ne4+ 20. Ke3 Rce8 21. Kf4 Bxf3 22. gxf3 Nxg5 23. Kxg5 Rxe2 24. Rc7 Rxh2 25. Rxb7 Rh6 26. a4 Rf6 27. f4 h6+ 28. Kg4 Rc8 29. Rd4 Rc1 30. a5 Rg1+ 31. Kf3 g5 32. Rb6 Rxf4+ 33. Rxf4 Rf1+ 34. Kg3 Rxf4 35. Rxa6 Rxb4 36. Rxh6 Kg7 37. Rb6 Ra4 38. a6 f6 39. Rb7+ Kg6 40. Rb6 Rc4 41. Kf3 Rc5 42. Kg4 Ra5 43. Rc6 Ra4+ 44. Kg3 Kf5 45. Rc5+ Ke4 46. Rc6 f5 47. Re6+ Kd5 48. Rg6 Ra3+ 49. Kf2 g4 50. Rb6 Ke5 51. Kg2 Kf4 52. Rb4+ Kg5 53. Rb6 Ra2+ 54. Kf1 f4 55. Rc6 f3 56. Ke1 g3 0-1